000 00351nam a2200157Ia 4500
999 _c14275
_d14275
003 OSt
005 20260310181635.0
008 260210s9999 xx 000 0 und d
020 _a9780486404738
082 _a742
100 _aErnest R. Norling
245 0 _aPerspective Made Easy
260 _bDOVER PUB 1999
260 _c1999
942 _cUG
_2ddc